Statistical Methods (Record no. 1012)

MARC details
000 -LEADER
fixed length control field 00364nam a22001577a 4500
020 ## - INTERNATIONAL STANDARD BOOK NUMBER
International Standard Book Number 81-85938-18-0
041 ## - LANGUAGE CODE
Language code of text/sound track or separate title ENG
100 ## - MAIN ENTRY--PERSONAL NAME
Personal name Snedecor .G.W
245 ## - TITLE STATEMENT
Title Statistical Methods
250 ## - EDITION STATEMENT
Edition statement Eighih Edition
260 ## - PUBLICATION, DISTRIBUTION, ETC. (IMPRINT)
Place of publication, distribution, etc New Delhi
Name of publisher, distributor, etc Affiliated East-Wast Press
Date of publication, distribution, etc 1994
300 ## - PHYSICAL DESCRIPTION
Extent 503
650 ## - SUBJECT ADDED ENTRY--TOPICAL TERM
Topical term or geographic name as entry element Statistica
700 ## - ADDED ENTRY--PERSONAL NAME
Personal name Cochran.W.G
856 ## - ELECTRONIC LOCATION AND ACCESS
Uniform Resource Identifier M.Tech ( 7 )
Holdings
Withdrawn status Lost status Source of classification or shelving scheme Damaged status Not for loan Home library Current library Shelving location Date acquired Cost, normal purchase price Total Checkouts Barcode Date last seen Price effective from Koha item type Date checked out
    Dewey Decimal Classification     College of Agricultural Engineering and Technology, Dapoli , Library College of Agricultural Engineering and Technology, Dapoli , Library Book Cart 09/09/2021 6289.14   006616 09/09/2021 09/09/2021 Books  
    Dewey Decimal Classification     College of Agricultural Engineering and Technology, Dapoli , Library College of Agricultural Engineering and Technology, Dapoli , Library Book Cart 09/09/2021 6289.14 1 006617 21/04/2025 09/09/2021 Books 21/04/2025
    Dewey Decimal Classification     College of Agricultural Engineering and Technology, Dapoli , Library College of Agricultural Engineering and Technology, Dapoli , Library Book Cart 09/09/2021 295.00   006154 09/09/2021 09/09/2021 Books  

Contact Us: College of Agricultural Engineering and Technology, Dapoli, Dist.- Ratnagiri
Website: https://dbskkv.org Email: caetlibrary2015@gmail.com